Statistics for Which European Country has a Higher Population?

Click here to take the quiz!

General Stats

  • This quiz has been taken 38 times
  • The average score is 9 of 15

Answer Stats

QuestionAnswer% Correct
Of the Following, which Country has the Highest population?Russia
81%
Of the Following, which Country has the Highest population?Slovenia
81%
Of the Following, which Country has the Highest population?Ukraine
81%
Of the Following, which Country has the Highest population?Estonia
72%
Of the Following, which Country has the Highest population?Germany
72%
Of the Following, which Country has the Highest population?Austria
61%
Of the Following, which Country has the Highest population?Albania
58%
Of the Following, which Country has the Highest population?Czechia
58%
Of the Following, which Country has the Highest population?Andorra
56%
Of the Following Countries, which has the Highest Population?Belarus
53%
Of the Following, which Country has the Highest population?Bosnia & Herzegovina
47%
Of the Following, which Country has the Highest population?Greece
47%
Of the Following, which Country has the HIghest Population?Hungary
42%
Of the Following, which Country has the Highest population?Malta
39%
Of the Following, which Country has the Highest population?Moldova
14%

Score Distribution

Percentile by Number Answered

Percent of People with Each Score

Your Score History

You have not taken this quiz